000 00486nam a2200181Ia 4500
005 20250326125332.0
008 250326s9999 xx 000 0 und d
037 _aTextbook
040 _aFMSL
_beng
_cFMSL
041 _aeng
_2eng
084 _aX8(A):8 K2
_qFMSL
100 _aA A C
_9738894
245 0 _aAutomation and technological change
_cA A C
260 _aNj
_bNj, Prentice-Hall
_c1962
300 _a184p
942 _cTB
_hX8(A):8 K2
999 _c1277581
_d1277581